000 00641nam a2200193Ia 4500
005 20250508160549.0
008 008 250505s9999 xx 000 0 eng d
037 _aTextual
040 _aFEDL
_beng
_cFEDL
041 _aeng
_2eng
084 _a324.109 54, BRE
_qFEDL
100 _aBrecher Michael
245 0 _aPolitical leadership in India: An analysis of elite attitudes
260 _aDelhi, India
_bVikas Publications
_c1968
300 _axiii,193p
490 _aMcGill studies in development a series of the centre for developing - area studies
942 _cTEXL
_h324.109 54, BRE
999 _c1365356
_d1365356